[Event "IECG CA.2008.0.00194"]
[Site "IECG email"]
[Date "2008.05.13"]
[Round "?"]
[White "Carroll, Patrick"]
[Black "Hardy, David"]
[Result "1/2-1/2"]
[WhiteElo "2092"]
[BlackElo "2102"]
[PlyCount "75"]
[EventDate "2008.05.13"]
[EventType "tourn (corr)"]
[EventRounds "6"]
[SourceTitle "Corr 2024"]
[Source "ChessBase"]
[SourceDate "2023.10.19"]
[SourceVersion "1"]
[SourceVersionDate "2023.10.19"]
[SourceQuality "1"]

1. d4 Nf6 2. c4 g6 3. Nc3 Bg7 4. e4 d6 5. Be2 0-0 6. Nf3 e5 7. Be3 Na6 8. 0-0 Ng4 9. Bg5 Qe8 10. dxe5 dxe5 11. Qc1 c6 12. Rd1 f6 13. Bd2 f5 14. h3 Nf6 15. exf5 gxf5 16. Bh6 e4 17. Bxg7 Kxg7 18. Nh4 Qe5 19. Qg5+ Kh8 20. Qh6 Kg8 21. g3 Nc5 22. Ng2 Be6 23. b4 Qxc3 24. bxc5 Rae8 25. Rab1 Re7 26. Rd6 Bc8 27. Rbd1 Ref7 28. Nf4 e3 29. f3 Qe5 30. Qg5+ Kh8 31. Rd8 Qxc5 32. R1d6 Qe5 33. Qh6 Kg8 34. Kf1 Ne8 35. Rd3 Nf6 36. Rxe3 Qa1+ 37. Rd1 Qxa2 38. Red3 1/2-1/2

[Event "IECG CA.2008.0.00194"]
[Site "IECG email"]
[Date "2008.05.13"]
[Round "?"]
[White "Hardy, David"]
[Black "Von der Heydt, Hans Joachim"]
[Result "1-0"]
[WhiteElo "2102"]
[BlackElo "2001"]
[PlyCount "50"]
[EventDate "2008.05.13"]
[EventType "tourn (corr)"]
[EventRounds "6"]
[SourceTitle "Corr 2024"]
[Source "ChessBase"]
[SourceDate "2023.10.19"]
[SourceVersion "1"]
[SourceVersionDate "2023.10.19"]
[SourceQuality "1"]

1. e4 g6 2. d4 Bg7 3. Nc3 c5 4. dxc5 Qa5 5. Bd2 Qxc5 6. Nd5 Na6 7. Nf3 Nf6 8. b4 Qd6 9. Bf4 Qe6 10. Ng5 Qc6 11. b5 Qc5 12. Be3 Qa3 13. Bd4 Nxd5 14. Bxg7 Rg8 15. Bd4 e5 16. Bxe5 Ne3 17. fxe3 Qxe3+ 18. Qe2 Qxg5 19. Bd6 Qf6 20. e5 Qh4+ 21. g3 Qd4 22. Rd1 Qc3+ 23. Qd2 Qxd2+ 24. Rxd2 Nb8 25. Bc4 a6 1-0

[Event "IECG CA.2007.0.00191"]
[Site "IECG email"]
[Date "2007.11.04"]
[Round "?"]
[White "Cesbron, Guy"]
[Black "Hardy, David"]
[Result "1/2-1/2"]
[WhiteElo "2057"]
[BlackElo "2102"]
[PlyCount "82"]
[EventDate "2007.11.04"]
[EventType "tourn (corr)"]
[EventRounds "6"]
[SourceTitle "Corr 2024"]
[Source "ChessBase"]
[SourceDate "2023.10.19"]
[SourceVersion "1"]
[SourceVersionDate "2023.10.19"]
[SourceQuality "1"]

1. e4 e6 2. d4 d5 3. Nc3 Bb4 4. e5 c5 5. Qg4 Ne7 6. dxc5 Nbc6 7. Qxg7 Rg8 8. Qxh7 d4 9. a3 Qa5 10. Rb1 dxc3 11. Be3 Bxc5 12. b4 Bxb4 13. axb4 Nxb4 14. Nf3 Bd7 15. Be2 Qa4 16. Nd4 Bc6 17. g3 Nxc2+ 18. Nxc2 Be4 19. Qh4 Qxc2 20. Rc1 Qa4 21. Bf3 Bc6 22. Qxa4 Bxa4 23. Bxb7 Rb8 24. Bg2 c2 25. Bxa7 Rd8 26. 0-0 Rc8 27. f4 Nd5 28. Bxd5 exd5 29. Rf3 Rc4 30. Kf2 Ke7 31. Rd3 Ke6 32. Ke3 Ra8 33. Bd4 Rb8 34. g4 Rb1 35. Kd2 Rxc1 36. Kxc1 Rb4 37. f5+ Kd7 38. Bb2 Rxg4 39. Rxd5+ Kc6 40. Rd4 Rg1+ 41. Kd2 Kb5 1/2-1/2

[Event "IECG CA.2007.0.00191"]
[Site "IECG email"]
[Date "2007.11.04"]
[Round "?"]
[White "Hardy, David"]
[Black "Tajti, Sandor"]
[Result "0-1"]
[WhiteElo "2102"]
[BlackElo "2137"]
[PlyCount "94"]
[EventDate "2007.11.04"]
[EventType "tourn (corr)"]
[EventRounds "6"]
[SourceTitle "Corr 2024"]
[Source "ChessBase"]
[SourceDate "2023.10.19"]
[SourceVersion "1"]
[SourceVersionDate "2023.10.19"]
[SourceQuality "1"]

1. e4 g6 2. d4 Bg7 3. Nc3 c6 4. Be3 d5 5. Qd2 dxe4 6. Nxe4 Nd7 7. 0-0-0 Ngf6 8. f3 0-0 9. Bh6 Bxh6 10. Qxh6 Qa5 11. Kb1 e5 12. Bd3 exd4 13. Ne2 Qh5 14. Nxf6+ Nxf6 15. Qf4 Nd5 16. Qxd4 Re8 17. Be4 Qe5 18. Bxd5 Qxe2 19. Bb3 Qxg2 20. Rhe1 Be6 21. Bxe6 Rxe6 22. Rxe6 fxe6 23. Qe3 Qh3 24. a3 Rf8 25. Rd7 Rxf3 26. Rd8+ Kf7 27. Rd7+ Ke8 28. Qd2 Qf1+ 29. Ka2 Qc4+ 30. b3 Qc3 31. Rd8+ Ke7 32. Qd6+ Kf6 33. Rf8+ Kg5 34. Qe7+ Rf6 35. h4+ Kf5 36. Rxf6+ Qxf6 37. Qxh7 b5 38. Qxa7 Qxh4 39. Qc5+ e5 40. Qxc6 Qe4 41. Qd7+ Kf4 42. Qd1 g5 43. Qf1+ Kg3 44. Qg1+ Kf4 45. Qf1+ Qf3 46. Qxb5 e4 47. Qb8+ Kg4 0-1

[Event "IECG CA.2007.0.00191"]
[Site "IECG email"]
[Date "2007.11.04"]
[Round "?"]
[White "Jaumandreu, Antonio"]
[Black "Hardy, David"]
[Result "1-0"]
[WhiteElo "2112"]
[BlackElo "2102"]
[PlyCount "103"]
[EventDate "2007.11.04"]
[EventType "tourn (corr)"]
[EventRounds "6"]
[SourceTitle "Corr 2024"]
[Source "ChessBase"]
[SourceDate "2023.10.19"]
[SourceVersion "1"]
[SourceVersionDate "2023.10.19"]
[SourceQuality "1"]

1. e4 e6 2. d4 d5 3. e5 c5 4. c3 Qb6 5. Nf3 Nc6 6. a3 Nh6 7. b4 cxd4 8. cxd4 Nf5 9. Bb2 Bd7 10. g4 Nh6 11. Rg1 f6 12. exf6 gxf6 13. Nc3 Nf7 14. Na4 Qc7 15. Nc5 0-0-0 16. Rc1 a6 17. Nxa6 bxa6 18. Bxa6+ Kb8 19. b5 Qa5+ 20. Bc3 Qxa3 21. bxc6 Bxc6 22. Bd3 Bb7 23. Bd2 e5 24. Bf5 Qa6 25. Ra1 Qb5 26. dxe5 fxe5 27. Rg3 Bc5 28. Rb1 Qa6 29. Ng5 Nxg5 30. Rgb3 Rhg8 31. h4 Rg7 32. Bxg5 Rd6 33. Rb5 Qa3 34. Bd2 Rc6 35. R1b3 Qa7 36. Qe2 Bd4 37. Rxd5 Rc5 38. Rxc5 Qxc5 39. Rb5 Qa3 40. f3 Qa1+ 41. Rb1 Qa3 42. Be4 Ka7 43. Qb5 Qa6 44. Bxb7 Qxb5 45. Rxb5 Rxb7 46. Rb4 Bc5 47. Rxb7+ Kxb7 48. Bc3 Bd6 49. g5 Kc6 50. h5 Kd5 51. g6 hxg6 52. h6 1-0

[Event "IECG CP.2007.P.00078 email"]
[Site "IECG email"]
[Date "2007.10.01"]
[Round "?"]
[White "Staggat, Rolf"]
[Black "Hardy, David"]
[Result "1-0"]
[WhiteElo "1661"]
[BlackElo "2102"]
[PlyCount "62"]
[EventDate "2007.10.01"]
[EventType "tourn (corr)"]
[EventRounds "6"]
[SourceTitle "Corr 2024"]
[Source "ChessBase"]
[SourceDate "2023.10.19"]
[SourceVersion "1"]
[SourceVersionDate "2023.10.19"]
[SourceQuality "1"]

1. e4 e6 2. d4 d5 3. e5 c5 4. c3 Qb6 5. Nf3 Nc6 6. a3 Nh6 7. b4 cxd4 8. Bxh6 gxh6 9. cxd4 Bd7 10. Be2 Rc8 11. 0-0 Bg7 12. b5 Ne7 13. a4 f6 14. a5 Qc7 15. exf6 Bxf6 16. Nbd2 0-0 17. Nb3 b6 18. Bd3 Ng6 19. Qb1 Nf4 20. axb6 Qb8 21. Rc1 e5 22. dxe5 Bxe5 23. Nxe5 Qxe5 24. Qc2 Bf5 25. Qc6 Qd4 26. Ra6 Rf6 27. Qxf6 Qxf6 28. Bc4 Bd7 29. g4 Be8 30. h4 Bh5 31. Be2 Kf8 1-0

[Event "IECG CA.2002.0.00067 email"]
[Site "IECG email"]
[Date "2002.09.03"]
[Round "1"]
[White "Hardy, David"]
[Black "Dyakov, Aleksandr"]
[Result "1/2-1/2"]
[WhiteElo "2105"]
[BlackElo "2168"]
[PlyCount "92"]
[EventDate "2002.09.03"]
[EventType "tourn (corr)"]
[EventRounds "6"]
[SourceTitle "Corr 2024"]
[Source "ChessBase"]
[SourceDate "2023.10.19"]
[SourceVersion "1"]
[SourceVersionDate "2023.10.19"]
[SourceQuality "1"]

1. e4 c6 2. d4 d5 3. e5 Bf5 4. Ne2 e6 5. Ng3 Bg6 6. h4 h6 7. h5 Bh7 8. Bd3 Bxd3 9. cxd3 Qb6 10. Be3 c5 11. dxc5 Bxc5 12. d4 Bb4+ 13. Nc3 Qa6 14. Qg4 Kf8 15. Nge2 Ne7 16. 0-0 Bxc3 17. Nxc3 Nbc6 18. Rfc1 Kg8 19. a3 Na5 20. Qd1 Nf5 21. Na4 b6 22. g4 Nxe3 23. fxe3 Rc8 24. Rxc8+ Qxc8 25. Rc1 Qd8 26. e4 dxe4 27. Nc3 Nc6 28. Nxe4 Qd5 29. Qd3 a6 30. Rd1 b5 31. Nd6 Kf8 32. Kf2 Ke7 33. Qf3 Qxf3+ 34. Kxf3 f6 35. Ke4 Rb8 36. b4 Kd7 37. Rc1 Ne7 38. Rc2 Nd5 39. Nf5 Rg8 40. Ne3 Nxe3 41. Kxe3 Rc8 42. Rxc8 Kxc8 43. Ke4 Kd7 44. d5 exd5+ 45. Kxd5 fxe5 46. Kxe5 Ke7 1/2-1/2

[Event "IECG CA.2002.0.00048 email"]
[Site "IECG email"]
[Date "2002.05.01"]
[Round "1"]
[White "Herman, Lex"]
[Black "Hardy, David"]
[Result "0-1"]
[WhiteElo "2089"]
[BlackElo "2121"]
[PlyCount "36"]
[EventDate "2002.05.01"]
[EventType "tourn (corr)"]
[EventRounds "6"]
[SourceTitle "Corr 2024"]
[Source "ChessBase"]
[SourceDate "2023.10.19"]
[SourceVersion "1"]
[SourceVersionDate "2023.10.19"]
[SourceQuality "1"]

1. e4 e6 2. d4 d5 3. e5 c5 4. c3 Qb6 5. Nf3 Nc6 6. a3 Nh6 7. b4 cxd4 8. Bxh6 gxh6 9. cxd4 Rg8 10. Nc3 Rg4 11. h3 Rf4 12. Na4 Qc7 13. Be2 f6 14. g3 Rxf3 15. Bxf3 fxe5 16. Rc1 exd4 17. 0-0 Qg7 18. Re1 Kd8 0-1

[Event "IECG L1.2000.0.00016 email"]
[Site "IECG email"]
[Date "2000.08.14"]
[Round "1"]
[White "St Amour, Philippe"]
[Black "Hardy, David"]
[Result "1/2-1/2"]
[WhiteElo "1937"]
[BlackElo "2159"]
[PlyCount "61"]
[EventDate "2000.08.14"]
[EventType "tourn (corr)"]
[EventRounds "14"]
[SourceTitle "Corr 2024"]
[Source "ChessBase"]
[SourceDate "2023.10.19"]
[SourceVersion "1"]
[SourceVersionDate "2023.10.19"]
[SourceQuality "1"]

1. d4 Nf6 2. c4 e6 3. Nc3 Bb4 4. Qc2 0-0 5. a3 Bxc3+ 6. Qxc3 b6 7. Bg5 Ba6 8. e3 d6 9. Bd3 Nbd7 10. Ne2 h6 11. Bh4 c5 12. b3 Rc8 13. Qd2 Ne4 14. Bxd8 Nxd2 15. Kxd2 Rfxd8 16. f3 cxd4 17. exd4 Bb7 18. Be4 Bxe4 19. fxe4 Nf6 20. Kd3 Kf8 21. Rhf1 d5 22. cxd5 exd5 23. e5 Ne4 24. Rac1 g5 25. Nc3 Nxc3 26. Rxc3 Rxc3+ 27. Kxc3 Rc8+ 28. Kd3 Rc6 29. Rf5 Ke7 30. a4 Rc1 31. Rf6 1/2-1/2